00926nam a22001697a 450000500170000000800410001702000220005804100120008008200270009210000180011924500900013726000520022730000090027936500110028850004280029965000290072720241217131747.0240214b |||||||| |||| 00| 0 eng d a978-93-92242-54-0 aEnglish aCH 610.7343 SHA DB1231 aSharma Monika aCommunity Health Nursing-I Including Environmental Science & Epidemiology Semester-V  bVision Health Sciences Publishersc2024aPunjab a465p b695.00 aBook is written as per the syllabus of Indian Nursing Council (INC) ,The book have been reviewed by eminent nursing professionals. Chapters are written in simple language and organized in logical order to ease the process of understanding. For self-evaluation, each chapter consists of long, short and multiple-choice questions. Online complementary access to power point lectures of each chapter (Refer front cover inside) aCommunity Health Nursing